LEADER 02007nam 2200433 n 450 001 996391447003316 005 20200824121750.0 035 $a(CKB)4940000000105467 035 $a(EEBO)2248515872 035 $a(UnM)99855156e 035 $a(UnM)99855156 035 $a(EXLCZ)994940000000105467 100 $a19920819d1612 uy | 101 0 $alat 135 $aurbn||||a|bb| 200 10$aRogeri VViddringtoni Catholici Angli Responsio apologetica$b[electronic resource] $ead libellum cuiusdam Doctoris Theologi, qui eius pro iure principum apologiam tanquam fidei Catholicæ aperte? repugnantem, atque ethnicismum sapientem, falso?, indocte?, & seditiose? criminatur 210 $aCosmopoli [i.e. London] $cApud Pratum [i.e. Richard Field]$dAnno 1612 215 $a[88], 196 [i.e. 216] p 300 $aRogerus Widdringtonus = Thomas Preston. 300 $aThe imprint is fictitious; printed in London by Richard Field (STC). 300 $a"Exemplar literarum cuiusdam Doctoris Theologi, in quibus Rogeri Widdringtoni pro iure principum Apologiam .. criminatur", signed "L.C.", p. 153-end. The author and a separate publication of the work have not been identified. 300 $aP. 216 misnumbered 196. 300 $aReproduction of the original in the British Library. 300 $aSome print faded and show-through; some pages stained. Pages 140-165 from the Union Theological Seminary (New York, N.Y.). Library copy spliced at end. 330 $aeebo-0018 606 $aOath of allegiance, 1606$vEarly works to 1800 606 $aChurch and state$vEarly works to 1800 615 0$aOath of allegiance, 1606 615 0$aChurch and state 700 $aPreston$b Thomas$f1563-1640.$058282 701 $aL. C$ffl. 1612.$01011678 801 0$bCu-RivES 801 1$bCu-RivES 801 2$bCStRLIN 801 2$bWaOLN 906 $aBOOK 912 $a996391447003316 996 $aRogeri VViddringtoni Catholici Angli Responsio apologetica$92344934 997 $aUNISA LEADER 01771nam 2200373 450 001 9910136830103321 005 20231206165424.0 010 $a1-5044-0825-X 024 7 $a10.1109/IEEESTD.2016.7442254 035 $a(CKB)3710000000619076 035 $a(NjHacI)993710000000619076 035 $a(EXLCZ)993710000000619076 100 $a20231206d2016 uy 0 101 0 $aeng 135 $aur||||||||||| 181 $ctxt$2rdacontent 182 $cc$2rdamedia 183 $acr$2rdacarrier 200 10$aISO/IEC/IEEE 18883 First Edition 2016-04-15 $eISO/IEC/IEEE International Standard -- Information technology -- Ubiquitous green community control network -- Security /$fIEEE 210 1$a[Place of publication not identified] :$cIEEE,$d2016. 215 $a1 online resource 330 $aThe enhanced security management function for the protocol defined in IEEE 1888(TM), Ubiquitous Green Community Control Network Protocol, is described in this standard. Security requirements, system security architecture definitions, and a standardized description of authentication and authorization, along with security procedures and protocols, are specified. This standard can help avoid unintended data disclosure to the public and unauthorized access to resources, while providing enhanced integrity and confidentiality of transmitted data in the ubiquitous green community control network. 517 $aISO/IEC/IEEE 18883 First Edition 2016-04-15 606 $aInformation technology 606 $aUbiquitous computing 615 0$aInformation technology. 615 0$aUbiquitous computing. 676 $a004 801 0$bNjHacI 801 1$bNjHacl 906 $aDOCUMENT 912 $a9910136830103321 996 $aISO$91086301 997 $aUNINA